[Event "COL-ch sf (Women)"]
[Site "Pereira"]
[Date "2024.03.30"]
[Round "7"]
[White "Rivera, Ingris"]
[Black "Pachon Gutierrez, Adriana Paola"]
[Result "1/2-1/2"]
[WhiteElo "2142"]
[BlackElo "1995"]
[PlyCount "60"]
[EventDate "2024.03.27"]
[EventType "swiss"]
[EventRounds "9"]
[EventCountry "COL"]
[SourceTitle "CB14_2024"]
[SourceDate "2024.04.01"]
[SourceVersion "1"]
[SourceVersionDate "2024.04.01"]
[SourceQuality "1"]

1. d4 e6 2. c4 b6 3. Nc3 Bb4 4. Nf3 Bb7 5. g3 f5 6. Bg2 Nf6 7. 0-0 0-0 8. a3 Bxc3 9. bxc3 d6 10. Bg5 Nbd7 11. a4 a5 12. Nd2 Bxg2 13. Kxg2 Qe8 14. Bxf6 Nxf6 15. f3 d5 16. Qc2 Qd7 17. cxd5 exd5 18. c4 dxc4 19. Qxc4+ Qd5 20. Qxd5+ Nxd5 21. Kf2 Rad8 22. Nc4 Rfe8 23. Rfd1 h6 24. Rd2 Re7 25. Rc1 Kh7 26. Ne5 Rf8 27. Nc6 Rd7 28. Ne5 Re7 29. Nc6 Rd7 30. Ne5 Re7 1/2-1/2

[Event "Swiss Queens Wed #2"]
[Site "FIDE Online Arena INT"]
[Date "2024.02.07"]
[Round "2"]
[White "Pachon Gutierrez, Adriana Paola"]
[Black "Aliaga Fernandez, Ingrid Yadira"]
[Result "0-1"]
[WhiteElo "1992"]
[BlackElo "2147"]
[PlyCount "60"]
[EventDate "2024.02.07"]
[EventType "swiss (blitz)"]
[EventRounds "11"]
[EventCountry "NET"]
[SourceTitle "CB07_2024"]
[SourceDate "2024.02.14"]
[SourceVersion "1"]
[SourceVersionDate "2024.02.14"]
[SourceQuality "1"]

1. b3 c5 2. Bb2 d5 3. e3 Nf6 4. f4 b6 5. Nf3 Bb7 6. Bb5+ Nbd7 7. 0-0 a6 8. Bxd7+ Qxd7 9. Qe1 h5 10. d3 e6 11. Nbd2 Qc7 12. Ne5 Ng4 13. Ndf3 Nxe5 14. fxe5 Be7 15. h4 0-0-0 16. Qg3 Rhg8 17. Ng5 Bxg5 18. hxg5 g6 19. Rf6 Rge8 20. Qf2 Re7 21. Rf1 Rdd7 22. Ba3 Qxe5 23. d4 Qc7 24. e4 dxe4 25. dxc5 Qc6 26. cxb6 e3 27. Qe2 Rd2 28. Rxf7 Rxe2 29. Rf8+ Kd7 30. Rd1+ Rd2 0-1

[Event "Swiss Queens Wed #2"]
[Site "FIDE Online Arena INT"]
[Date "2024.02.07"]
[Round "7"]
[White "Pachon Gutierrez, Adriana Paola"]
[Black "Nikitina, Elena"]
[Result "1/2-1/2"]
[WhiteElo "1992"]
[BlackElo "1996"]
[PlyCount "122"]
[EventDate "2024.02.07"]
[EventType "swiss (blitz)"]
[EventRounds "11"]
[EventCountry "NET"]
[SourceTitle "CB07_2024"]
[SourceDate "2024.02.14"]
[SourceVersion "1"]
[SourceVersionDate "2024.02.14"]
[SourceQuality "1"]

1. b3 d5 2. Bb2 Nf6 3. e3 e6 4. f4 Be7 5. Nf3 c5 6. Bb5+ Bd7 7. Bxd7+ Nbxd7 8. 0-0 Qc7 9. Qe1 0-0-0 10. d3 h6 11. Nbd2 Rhg8 12. Ne5 Rdf8 13. Ndf3 Nxe5 14. Nxe5 Nd7 15. Rf3 Nxe5 16. Bxe5 Bd6 17. Qc3 f5 18. Bxd6 Qxd6 19. b4 b6 20. bxc5 Qxc5 21. Qe5 Rf6 22. Rc1 Qc7 23. Qb2 Kb7 24. c4 dxc4 25. Rxc4 Qd6 26. Rf2 Rf7 27. Qc3 Rd7 28. d4 g5 29. fxg5 hxg5 30. Rc2 Rh8 31. h3 g4 32. Rc6 Qg3 33. Rxe6 gxh3 34. Qc6+ Kb8 35. Rc1 hxg2 36. Qxg2 Qh4 37. Rg6 Qh7 38. Qg3+ Rc7 39. Qxc7+ Qxc7 40. Rxc7 Kxc7 41. Rg7+ Kc6 42. Rxa7 f4 43. exf4 Rf8 44. Ra4 Kd5 45. Rb4 Rxf4 46. Rxb6 Rxd4 47. Ra6 Rd2 48. Kf1 Kc4 49. Ke1 Rh2 50. Kd1 Kc3 51. Rc6+ Kb2 52. a4 Rh3 53. a5 Ra3 54. a6 Kb3 55. Kd2 Kb4 56. Rb6+ Kc5 57. Rg6 Kb5 58. Rg8 Rxa6 59. Rg5+ Kb6 60. Rg6+ Ka7 61. Rxa6+ Kxa6 1/2-1/2

[Event "Carlos Torre Memorial op 33rd"]
[Site "Merida"]
[Date "2023.12.18"]
[Round "8"]
[White "Narez Jimenez, Jose Javier"]
[Black "Pachon Gutierrez, Adriana Paola"]
[Result "0-1"]
[WhiteElo "1841"]
[BlackElo "2031"]
[PlyCount "72"]
[EventDate "2023.12.15"]
[EventType "swiss"]
[EventRounds "9"]
[EventCountry "MEX"]
[SourceTitle "CB52_2023"]
[SourceDate "2023.12.27"]
[SourceVersion "1"]
[SourceVersionDate "2023.12.27"]
[SourceQuality "1"]

1. d4 e6 2. Bf4 b6 3. e3 Bb7 4. Nf3 f5 5. Bd3 Nf6 6. c3 h6 7. 0-0 g5 8. Be5 d6 9. Bxf6 Qxf6 10. Nfd2 Nd7 11. Qh5+ Qf7 12. Qe2 Bg7 13. Ba6 Bxa6 14. Qxa6 0-0 15. f4 Qg6 16. Na3 Nf6 17. Qc4 Nd5 18. Rae1 Rf7 19. Qd3 Raf8 20. Nc2 Nf6 21. fxg5 hxg5 22. e4 Nxe4 23. Nxe4 fxe4 24. Qe2 d5 25. Ne3 Rf4 26. Qa6 Bh6 27. Qxa7 R8f7 28. Qa6 g4 29. Rxf4 Bxf4 30. g3 Bh6 31. Qe2 Rf3 32. Ng2 e3 33. Nh4 Qe4 34. Qb5 Rf7 35. Qe2 Bg5 36. Ng2 Rf2 0-1

[Event "Velez Rapid op 10th"]
[Site "Velez Santander"]
[Date "2023.11.06"]
[Round "8"]
[White "Castro Lombana, Juan Pablo"]
[Black "Pachon Gutierrez, Adriana Paola"]
[Result "1/2-1/2"]
[WhiteElo "1711"]
[BlackElo "2032"]
[PlyCount "90"]
[EventDate "2023.11.06"]
[EventType "swiss (rapid)"]
[EventRounds "10"]
[EventCountry "COL"]
[SourceTitle "Mega2024 Update 01"]
[Source "Chessbase"]
[SourceDate "2023.11.12"]
[SourceVersion "1"]
[SourceVersionDate "2023.11.12"]
[SourceQuality "1"]

1. d4 e6 2. Bf4 b6 3. e4 Bb7 4. Nd2 Be7 5. Bd3 Bg5 6. Bg3 Bxd2+ 7. Qxd2 d5 8. exd5 Bxd5 9. f3 Nf6 10. Ne2 0-0 11. 0-0 Nbd7 12. Rac1 Re8 13. c4 Bb7 14. Bb1 c5 15. Rfd1 Qe7 16. dxc5 Qxc5+ 17. Bf2 Qe7 18. Nc3 Nc5 19. Qc2 Rad8 20. Bg3 e5 21. Rxd8 Rxd8 22. Rd1 Rxd1+ 23. Qxd1 g6 24. Nb5 Ba6 25. Qd6 Qxd6 26. Nxd6 Nfd7 27. b4 Nb7 28. Nxb7 Bxb7 29. Kf1 Kf8 30. Ke2 Ke7 31. Kd3 Ke6 32. a4 f5 33. Ba2 Kd6 34. Kc3 Ba6 35. Bf2 Bb7 36. c5+ bxc5 37. bxc5+ Nxc5 38. Bxc5+ Kxc5 39. Bg8 Bd5 40. Bxh7 Bf7 41. g4 fxg4 42. fxg4 Kd5 43. h4 e4 44. h5 gxh5 45. Bxe4+ Ke5 1/2-1/2

[Event "COL-ch Blitz (Women)"]
[Site "Villavicencio"]
[Date "2021.11.15"]
[Round "3"]
[White "Pachon Gutierrez, Adriana Paola"]
[Black "Toro Castaneda, Elizabeth"]
[Result "1/2-1/2"]
[WhiteElo "2071"]
[BlackElo "1912"]
[PlyCount "80"]
[EventDate "2021.11.15"]
[EventType "swiss (blitz)"]
[EventRounds "13"]
[EventCountry "COL"]
[SourceTitle "CBM 205 Extra"]
[Source "ChessBase"]
[SourceDate "2022.01.31"]
[SourceVersion "1"]
[SourceVersionDate "2022.01.31"]
[SourceQuality "1"]

1. b3 Nf6 2. Bb2 g6 3. e3 Bg7 4. f4 0-0 5. Nf3 d6 6. Be2 c5 7. 0-0 Nc6 8. c4 a6 9. d4 cxd4 10. exd4 d5 11. Ne5 Ne4 12. Bf3 Nf6 13. Nc3 Be6 14. Rc1 Qa5 15. cxd5 Nxd5 16. Nxd5 Bxd5 17. Nd7 Rfd8 18. Bxd5 Qxd5 19. Nb6 Bxd4+ 20. Bxd4 Qxd4+ 21. Qxd4 Nxd4 22. Kf2 Rab8 23. Rc7 Nc6 24. Nd7 Rbc8 25. Rxb7 Na5 26. Ra7 Rc2+ 27. Kg3 Rxa2 28. Re1 e6 29. Ne5 Rdd2 30. Rg1 Nxb3 31. Nxf7 Nd4 32. Nh6+ Kf8 33. Rb1 Rxg2+ 34. Kh4 Nf3+ 35. Kh3 Ng1+ 36. Kh4 Nf3+ 37. Kh3 Ng1+ 38. Kh4 Nf3+ 39. Kh3 Ng1+ 40. Kh4 Rxh2+ 1/2-1/2

[Event "COL-ch Rapid (Women)"]
[Site "Villavicencio"]
[Date "2021.11.14"]
[Round "8"]
[White "Montilla Reyes, Jorcerys"]
[Black "Pachon Gutierrez, Adriana Paola"]
[Result "1/2-1/2"]
[WhiteElo "2127"]
[BlackElo "2058"]
[PlyCount "92"]
[EventDate "2021.11.13"]
[EventType "swiss (rapid)"]
[EventRounds "9"]
[EventCountry "COL"]
[SourceTitle "CBM 205 Extra"]
[Source "ChessBase"]
[SourceDate "2022.01.31"]
[SourceVersion "1"]
[SourceVersionDate "2022.01.31"]
[SourceQuality "1"]

1. d4 e6 2. c4 b6 3. Nc3 Bb7 4. Nf3 f5 5. Bg5 Nf6 6. e3 Bb4 7. Qb3 Bxc3+ 8. Qxc3 0-0 9. 0-0-0 Qe8 10. Bxf6 Rxf6 11. d5 d6 12. dxe6 Qxe6 13. Nd4 Qf7 14. Rg1 Nd7 15. f3 Re8 16. Nb5 Nc5 17. b4 Ne6 18. Bd3 a6 19. Na3 Nd8 20. Nc2 Nc6 21. Rge1 Ne5 22. Bf1 Kh8 23. Kb2 c5 24. bxc5 dxc5 25. Rd2 h6 26. Red1 Bc6 27. Rd8 Qc7 28. Rxe8+ Bxe8 29. Rd5 Nf7 30. h4 Nd6 31. Na3 Bf7 32. Rd1 Qc6 33. Ka1 b5 34. cxb5 axb5 35. Qa5 b4 36. Nb5 Nc4 37. Bxc4 Bxc4 38. Qd8+ Kh7 39. Nd6 Bxa2 40. Ne8 Rf7 41. Kxa2 Qa4+ 42. Kb2 Qa3+ 43. Kb1 Qb3+ 44. Kc1 Qc3+ 45. Kb1 Qb3+ 46. Kc1 Qc3+ 1/2-1/2

[Event "COL-ch Rapid (Women)"]
[Site "Villavicencio"]
[Date "2021.11.14"]
[Round "9"]
[White "Pachon Gutierrez, Adriana Paola"]
[Black "Dominguez, Laura Lucia"]
[Result "1-0"]
[WhiteElo "2058"]
[BlackElo "1976"]
[PlyCount "166"]
[EventDate "2021.11.13"]
[EventType "swiss (rapid)"]
[EventRounds "9"]
[EventCountry "COL"]
[SourceTitle "CBM 205 Extra"]
[Source "ChessBase"]
[SourceDate "2022.01.31"]
[SourceVersion "1"]
[SourceVersionDate "2022.01.31"]
[SourceQuality "1"]

1. b3 e5 2. Bb2 Nc6 3. c4 b6 4. e3 Nf6 5. Nf3 d6 6. d4 e4 7. Nfd2 Bf5 8. Nc3 Qe7 9. Be2 h5 10. a3 h4 11. h3 g6 12. b4 Bg7 13. Qa4 Bd7 14. Qc2 Bf5 15. Rc1 0-0 16. Nd5 Qd8 17. Nxf6+ Qxf6 18. Nxe4 Qe7 19. Bd3 Rae8 20. f3 Bh6 21. Qe2 a5 22. b5 Nd8 23. 0-0 Kh7 24. Rce1 Nb7 25. Bc1 a4 26. Bd2 d5 27. Bb4 dxe4 28. Bxe7 exd3 29. Qd1 Rxe7 30. e4 d2 31. Re2 Be6 32. Qxa4 Bf4 33. e5 Rd8 34. Re4 Bg5 35. f4 Bh6 36. Qb4 Red7 37. d5 Bf5 38. Rd4 Nc5 39. Rxd2 Nd3 40. Qc3 Nxf4 41. Rdf2 g5 42. a4 Re8 43. Re1 Bg6 44. Rf3 Bg7 45. Rfe3 Ra8 46. Qb3 Bf5 47. Kh2 Re8 48. Qa3 Rde7 49. d6 Rxe5 50. dxc7 Rxe3 51. Rxe3 Ne6 52. Qd6 Rc8 53. Qxb6 Bd4 54. Qb8 Rxc7 55. Rxe6 Rxc4 56. Rc6 Rxa4 57. Qe8 Bg6 58. Rd6 Bf2 59. Rd1 Rb4 60. Qc6 Rb3 61. Qc4 Rb2 62. Kh1 Bg3 63. Rf1 Kg8 64. Qc8+ Kh7 65. Qd7 Bf4 66. Qc6 Re2 67. Qc4 Re4 68. Qc3 Re3 69. Qb4 Be4 70. Qc4 Rxh3+ 71. Kg1 Be3+ 72. Rf2 Bxf2+ 73. Kxf2 Rg3 74. Qxf7+ Kh6 75. Qe6+ Bg6 76. b6 Rc3 77. b7 Rc2+ 78. Kg1 Rb2 79. Qc8 Rb1+ 80. Kf2 Rb2+ 81. Ke3 Rxg2 82. Qh8+ Bh7 83. b8Q Rg3+ 1-0

[Event "COL-ch Rapid (Women)"]
[Site "Villavicencio"]
[Date "2021.11.14"]
[Round "7"]
[White "Pachon Gutierrez, Adriana Paola"]
[Black "Suarez Ardila, Luisa Maria"]
[Result "1-0"]
[WhiteElo "2058"]
[BlackElo "1476"]
[PlyCount "109"]
[EventDate "2021.11.13"]
[EventType "swiss (rapid)"]
[EventRounds "9"]
[EventCountry "COL"]
[SourceTitle "CBM 205 Extra"]
[Source "ChessBase"]
[SourceDate "2022.01.31"]
[SourceVersion "1"]
[SourceVersionDate "2022.01.31"]
[SourceQuality "1"]

1. b3 c5 2. Bb2 Nc6 3. e3 Nf6 4. f4 g6 5. Nf3 Bg7 6. Bb5 a6 7. Bxc6 bxc6 8. 0-0 0-0 9. Qe1 d5 10. d3 Be6 11. Nbd2 Bg4 12. Ne5 Qc8 13. Ndf3 Bxf3 14. Rxf3 Ng4 15. Qh4 Nxe5 16. fxe5 Qe6 17. Rh3 h6 18. Rf1 Rab8 19. Ba3 Qxe5 20. Bxc5 g5 21. Qh5 Rb7 22. Rhf3 f6 23. h4 Qc3 24. hxg5 hxg5 25. d4 Qxc2 26. R1f2 Qe4 27. Rh3 a5 28. Qe2 Kf7 29. Qa6 Rbb8 30. Qxc6 Rh8 31. Qd7 Rxh3 32. Qxh3 Rh8 33. Qf3 Qxf3 34. gxf3 e6 35. Bb6 Ra8 36. Rc2 Bf8 37. Rc7+ Kg6 38. Ra7 Rxa7 39. Bxa7 Bb4 40. Bb6 e5 41. a3 Bc3 42. Bc5 Kf5 43. b4 exd4 44. exd4 axb4 45. axb4 g4 46. fxg4+ Ke4 47. b5 Bd2 48. Ba7 f5 49. gxf5 Kxf5 50. Kf2 Ke4 51. Kg3 Bf4+ 52. Kg4 Be3 53. Bc5 Bf4 54. b6 Bh2 55. Kg5 1-0

[Event "COL-ch Rapid (Women)"]
[Site "Villavicencio"]
[Date "2021.11.14"]
[Round "4"]
[White "Toro Castaneda, Elizabeth"]
[Black "Pachon Gutierrez, Adriana Paola"]
[Result "0-1"]
[WhiteElo "1897"]
[BlackElo "2058"]
[PlyCount "50"]
[EventDate "2021.11.13"]
[EventType "swiss (rapid)"]
[EventRounds "9"]
[EventCountry "COL"]
[SourceTitle "CBM 205 Extra"]
[Source "ChessBase"]
[SourceDate "2022.01.31"]
[SourceVersion "1"]
[SourceVersionDate "2022.01.31"]
[SourceQuality "1"]

1. e4 e5 2. Nf3 Nc6 3. Nc3 Nf6 4. d4 Nxd4 5. Nxd4 exd4 6. Qxd4 d6 7. Bg5 Be7 8. 0-0-0 h6 9. Be3 0-0 10. f3 Be6 11. h4 Nd7 12. h5 Bf6 13. Qd2 Re8 14. f4 Bg4 15. Re1 Bxc3 16. Qxc3 Rxe4 17. Bd3 Re7 18. f5 Nf6 19. Bd4 Nxh5 20. Rxe7 Qxe7 21. Re1 Qg5+ 22. Be3 Qh4 23. Rf1 Ng3 24. Rf2 Qh1+ 25. Kd2 Qd1# 0-1

[Event "COL-ch (Women)"]
[Site "Cali"]
[Date "2021.09.18"]
[Round "9"]
[White "Pachon Gutierrez, Adriana Paola"]
[Black "Castrillon Gomez, Melissa"]
[Result "0-1"]
[WhiteElo "1994"]
[BlackElo "2212"]
[PlyCount "130"]
[EventDate "2021.09.14"]
[EventType "tourn"]
[EventRounds "11"]
[EventCountry "COL"]
[SourceTitle "CBM 204 Extra"]
[Source "ChessBase"]
[SourceDate "2021.11.30"]
[SourceVersion "1"]
[SourceVersionDate "2021.11.30"]
[SourceQuality "1"]

1. e4 c5 2. Nf3 g6 3. c3 Bg7 4. d4 cxd4 5. cxd4 d5 6. e5 Nc6 7. Nc3 Bg4 8. Bb5 Nh6 9. h3 Bxf3 10. Qxf3 0-0 11. Bxc6 bxc6 12. 0-0 Nf5 13. Qd3 f6 14. exf6 Bxf6 15. Be3 Qb6 16. Rfd1 Nxe3 17. fxe3 Qxb2 18. Rab1 Qa3 19. Nxd5 Qxa2 20. Nb4 Qe6 21. Rbc1 Bg5 22. Re1 Qd6 23. Nxc6 Qg3 24. Qe4 Rac8 25. Re2 Kg7 26. Rcc2 Rf6 27. d5 Rcf8 28. Rc1 Rf2 29. Rce1 R8f5 30. Nd4 Re5 31. Ne6+ Kh6 32. Qg4 Rxg2+ 33. Rxg2 Qxe1+ 34. Kh2 Qxe3 35. Nxg5 Rxg5 36. Re2 Qc1 37. Qh4+ Rh5 38. Qg4 Qc7+ 39. Kh1 Rxd5 40. Qf3 Qc1+ 41. Kh2 Rf5 42. Qg3 Qf4 43. Qxf4+ Rxf4 44. Rxe7 Ra4 45. Kg3 g5 46. Rc7 Kg6 47. Rd7 Ra3+ 48. Kg2 a5 49. Rc7 a4 50. Rc6+ Kf5 51. Rc4 Ra2+ 52. Kg3 Ra3+ 53. Kg2 Ra1 54. Rb4 a3 55. Ra4 h6 56. Kh2 Ke5 57. h4 Kf5 58. hxg5 hxg5 59. Kg2 Kg6 60. Ra6+ Kh5 61. Ra8 Kh4 62. Rc8 Ra2+ 63. Kg1 Rb2 64. Rc3 a2 65. Ra3 Rb1+ 0-1

[Event "COL-ch (Women)"]
[Site "Cali"]
[Date "2021.09.16"]
[Round "4"]
[White "Pachon Gutierrez, Adriana Paola"]
[Black "Toro Castaneda, Elizabeth"]
[Result "1-0"]
[WhiteElo "1994"]
[BlackElo "2008"]
[PlyCount "95"]
[EventDate "2021.09.14"]
[EventType "tourn"]
[EventRounds "11"]
[EventCountry "COL"]
[SourceTitle "CBM 204 Extra"]
[Source "ChessBase"]
[SourceDate "2021.11.30"]
[SourceVersion "1"]
[SourceVersionDate "2021.11.30"]
[SourceQuality "1"]

1. e4 c5 2. Nf3 Nc6 3. Nc3 g6 4. b3 Bg7 5. Bb2 e6 6. Na4 Bxb2 7. Nxb2 d5 8. e5 a6 9. c3 Nge7 10. Bd3 Qc7 11. Qe2 0-0 12. 0-0 b5 13. Qe3 c4 14. Bc2 Kg7 15. h4 f6 16. d4 fxe5 17. dxe5 Qa7 18. Qg5 h6 19. Qg4 Nf5 20. a4 Qc7 21. Rfe1 Bb7 22. Nd1 Rad8 23. Ne3 cxb3 24. Bxb3 bxa4 25. Rxa4 Nce7 26. Nxf5+ Nxf5 27. Rb4 Bc8 28. h5 g5 29. c4 d4 30. Qe4 d3 31. Rd1 a5 32. Rb5 Ba6 33. g4 Bxb5 34. cxb5 Ne7 35. Nd4 Rxd4 36. Qxd4 Rf4 37. Qd6 Rxg4+ 38. Kf1 Qb7 39. Rxd3 Qg2+ 40. Ke2 Re4+ 41. Kd1 Qf1+ 42. Kc2 Re2+ 43. Rd2 Rxd2+ 44. Kxd2 Qxf2+ 45. Kc1 Qe3+ 46. Kb2 Kf8 47. Bxe6 Qb6 48. Qxb6 1-0